1558 1266 1423 1714 1969 1482 1097 1266 1928 1339 1109 1216 1011 1171 1086 1346 1185 1701 1422 1737 1626 1678 1094 1799 1817 1519 1198 1183 1127 1980 1820 1859 1938 1614 1973 1750 1569 1321 1372 1685 1256 1114 1939 1664 1652 1281 1970 1478 1698 1267 1443 1268 1445 1675 1708 1005 1563 1420 1418 1569 1727 1542 1989 1604 1112 1356 1888 1567 1212 1149 1601 1886 1276 1666 1389 1764 1084 1813 1326 1759 1287 1994 1739 1507 1802 1872 1813 1565 1063 1783 1465 1568 1853 1622 1797 1617 1495 1258 1170 BCNSPRNW ULIB Ver.6.0+V

เปลี่ยนเป็นภาษาไทย

Change to English
 แสดงรายละเอียดบรรณานุกรม
  กลับหน้าหลัก

Brief Record : Get Marc (ISO 2709) : E-mail record : QR code < ปิดหน้าต่าง
LEADER : 00000nam 2200000uu 4500
001    13399111853
003     ULIB
008    110627s2552||||th 000 0 tha d
020    978611500005
090    นว.^bณ429ร 2552
100 0  ณารา
245 00 รอยรักหักเหลี่ยมตะวัน/^cณารา
250    พิมพ์ครั้งที่ 4
260    กรุงเทพฯ :^bพิมพ์คำ,^c2552
300    550 หน้า
945    ^p340^l0^i026734
995    ทศพร
999 ^a ใช้งานได้ทุกระบบ
รายการนี้ยังไม่มีแท็ก
คุณยังไม่ได้ล็อกอิน คุณสามารถมีกิจกรรมร่วมกับเว็บไซต์ได้ แต่ต้องล็อกอินก่อน ::
  ล็อกอิน

รายการสื่อสารสนเทศ

ลำดับที่ ประเภท เลขเรียก/บาร์โค้ด สถานที่ สถานะ
- ไม่พบข้อมูล -

รายการใกล้เคียง
    ผู้แต่ง [ณารา]

BibComment


ยังไม่เคยถูกคอมเมนท์

คอมเมนท์ทรัพยากรรายการนี้
  คอมเมนท์: รอยรักหักเหลี่ยมต..


 Copyright 2026. Bcnsprnw @Library